[Event "Olimpiada Dresden 2008 Femenina"]
[Site "Dresden GER"]
[Date "2008.11.16"]
[Round "4.33"]
[White "Cramling, Pia"]
[Black "Al-Khelaifi, Salama"]
[Result "1-0"]
[WhiteElo "2550"]
[BlackElo "1707"]
[PlyCount "91"]
[EventDate "2008.11.13"]
[EventType "team-tourn"]
[EventRounds "11"]
[EventCountry "GER"]
[Source "lmi"]
[SourceDate "2008.11.13"]
[WhiteTeam "Suecia"]
[BlackTeam "Qatar"]
[WhiteTeamCountry "SWE"]
[BlackTeamCountry "QAT"]

1. e4 g6 2. d4 Bg7 3. Nf3 d6 4. Bc4 c6 5. Bb3 Nf6 6. Qe2 O-O 7. O-O Bg4 8. Nbd2
a5 9. a4 d5 10. e5 Ne8 11. h3 Bc8 12. Rd1 b6 13. Nf1 Ba6 14. Qe1 Bxf1 15. Qxf1
Nc7 16. Be3 f5 17. exf6 exf6 18. c4 Nba6 19. Rac1 Nb4 20. Bd2 Rf7 21. cxd5 cxd5
22. Bxb4 axb4 23. Rc6 Rb8 24. Rdc1 Bf8 25. Nh2 Rb7 26. R1c2 Kg7 27. Ng4 h5 28.
Ne3 Rd7 29. Qd1 Qe8 30. Qf3 Qf7 31. Re2 Rb8 32. Rxc7 Rxc7 33. Nxd5 Rc1+ 34. Kh2
Bd6+ 35. g3 Qf8 36. Re6 Rb7 37. Qe3 Rb1 38. Re8 Bxg3+ 39. Kxg3 Qd6+ 40. Kg2
Rxb2 41. Rg8+ Kxg8 42. Nxf6+ Kf8 43. Qh6+ Ke7 44. Qg7+ Kd8 45. Qg8+ Ke7 46.
Qf7+ 1-0

[Event "Olimpiada Dresden 2008 Femenina"]
[Site "Dresden GER"]
[Date "2008.11.16"]
[Round "4.33"]
[White "Safar, Alshaymaa"]
[Black "Agrest, Svetlana"]
[Result "0-1"]
[WhiteElo "1559"]
[BlackElo "2258"]
[PlyCount "102"]
[EventDate "2008.11.13"]
[EventType "team-tourn"]
[EventRounds "11"]
[EventCountry "GER"]
[Source "lmi"]
[SourceDate "2008.11.13"]
[WhiteTeam "Qatar"]
[BlackTeam "Suecia"]
[WhiteTeamCountry "QAT"]
[BlackTeamCountry "SWE"]

1. e4 e6 2. d4 d5 3. exd5 exd5 4. Bd3 c5 5. dxc5 Bxc5 6. Nf3 Nf6 7. O-O O-O 8.
Bg5 h6 9. Bh4 g5 10. Nxg5 hxg5 11. Bxg5 Qd6 12. Qf3 Ne4 13. Bf4 Qg6 14. Nc3 Bg4
15. Bxe4 dxe4 16. Qg3 Bf5 17. Nd5 Qxg3 18. hxg3 Nc6 19. g4 Be6 20. Nf6+ Kg7 21.
Nxe4 Bb6 22. g5 Kg6 23. Rfe1 Nd4 24. Rac1 Bg4 25. Ng3 Rfe8 26. Be3 Re6 27. Kf1
Rh8 28. f3 Nxf3 29. gxf3 Bxe3 30. fxg4 Bxc1 31. Rxc1 Kxg5 32. Kg2 Kxg4 33. Rd1
f5 34. Rd7 Rg8 35. Kf2 f4 36. Ne2 Rh6 37. Rxb7 Rh2+ 38. Kf1 Rd8 39. Rg7+ Kf3
40. Ng1+ Ke4 41. Re7+ Kf5 42. Ke1 Rxc2 43. Rxa7 Re8+ 44. Kf1 Rxb2 45. Rf7+ Ke4
46. Ra7 Rd2 47. Ne2 Kf3 48. Ng1+ Ke3 49. Ke1 f3 50. Nh3 f2+ 51. Nxf2 Re2+ 0-1

[Event "Olimpiada Dresden 2008 Femenina"]
[Site "Dresden GER"]
[Date "2008.11.16"]
[Round "4.33"]
[White "Tetenkina, Irina"]
[Black "Al-Khelaifi, Aisha"]
[Result "1-0"]
[WhiteElo "2243"]
[BlackElo "1640"]
[PlyCount "89"]
[EventDate "2008.11.13"]
[EventType "team-tourn"]
[EventRounds "11"]
[EventCountry "GER"]
[Source "lmi"]
[SourceDate "2008.11.13"]
[WhiteTeam "Suecia"]
[BlackTeam "Qatar"]
[WhiteTeamCountry "SWE"]
[BlackTeamCountry "QAT"]

1. Nf3 d5 2. c4 c6 3. g3 Nf6 4. Bg2 Bf5 5. b3 e6 6. O-O Be7 7. Bb2 O-O 8. d3
Nbd7 9. Nbd2 h6 10. Rc1 Re8 11. Rc2 Bc5 12. Qa1 Qb6 13. h3 Bh7 14. Ne5 Nxe5 15.
Bxe5 Be7 16. Nf3 Red8 17. Qc3 Rd7 18. c5 Qd8 19. b4 a5 20. a3 axb4 21. axb4 Ra6
22. Ra1 Qa8 23. Rxa6 Qxa6 24. Rc1 Qa2 25. Nd4 Qa8 26. Ra1 Qc8 27. Ra7 Ne8 28.
Qa1 Rd8 29. Nb3 f6 30. Bb2 Qc7 31. Na5 Rb8 32. Qa4 Bf8 33. Nb3 b5 34. Qa6 Qc8
35. Nd4 Qxa6 36. Rxa6 Rc8 37. Nxc6 Nc7 38. Ra7 Bg6 39. Rb7 Na6 40. Na7 Ra8 41.
Bc3 Be8 42. Nxb5 Bc6 43. Rb6 Bd7 44. Nd4 e5 45. Bxd5+ 1-0

[Event "Olimpiada Dresden 2008 Femenina"]
[Site "Dresden GER"]
[Date "2008.11.16"]
[Round "4.33"]
[White "Safar, Reem"]
[Black "Agrest, Inna"]
[Result "0-1"]
[WhiteElo "1719"]
[BlackElo "2215"]
[PlyCount "75"]
[EventDate "2008.11.13"]
[EventType "team-tourn"]
[EventRounds "11"]
[EventCountry "GER"]
[Source "lmi"]
[SourceDate "2008.11.13"]
[WhiteTeam "Qatar"]
[BlackTeam "Suecia"]
[WhiteTeamCountry "QAT"]
[BlackTeamCountry "SWE"]

1. d4 Nf6 2. Nf3 d5 3. c4 e6 4. Nc3 Bb4 5. Bg5 Nbd7 6. e3 c5 7. cxd5 exd5 8.
Bd3 Qa5 9. O-O Bxc3 10. bxc3 c4 11. Bf5 Qxc3 12. Bxf6 gxf6 13. e4 Nb6 14. Bxc8
Rxc8 15. Re1 Kd8 16. e5 Re8 17. Re3 Qb2 18. Re2 Qa3 19. Qc2 Qd3 20. Qxd3 cxd3
21. Rd2 fxe5 22. dxe5 Rc3 23. Rad1 Ra3 24. Ng5 Re7 25. f4 h6 26. Nf3 f6 27.
exf6 Rf7 28. Ne5 Rxf6 29. Nxd3 Na4 30. Nb4 Rxf4 31. Nxd5 Rf7 32. Nc3+ Ke7 33.
Re1+ Kf8 34. Nb5 Rc3 35. Nxc3 Nxc3 36. Rf1 Rxf1+ 37. Kxf1 Ke7 38. Rd3 0-1

[Event "Olimpiada Dresden 2008 Femenina"]
[Site "Dresden GER"]
[Date "2008.11.16"]
[Round "4.34"]
[White "Soondarsingh, Aditi"]
[Black "Wijesuriya, G V."]
[Result "0-1"]
[WhiteElo "1867"]
[BlackElo "1937"]
[PlyCount "87"]
[EventDate "2008.11.13"]
[EventType "team-tourn"]
[EventRounds "11"]
[EventCountry "GER"]
[Source "lmi"]
[SourceDate "2008.11.13"]
[WhiteTeam "Trinidad y Tobago"]
[BlackTeam "Sri Lanka"]
[WhiteTeamCountry "TRI"]
[BlackTeamCountry "SRI"]

1. d4 d5 2. c4 c6 3. Nf3 Nf6 4. e3 Bf5 5. Nc3 e6 6. Nh4 Bg6 7. Nxg6 hxg6 8. Bd2
Nbd7 9. g3 Be7 10. b3 e5 11. cxd5 cxd5 12. Bg2 e4 13. g4 g5 14. h4 Bb4 15. hxg5
Rxh1+ 16. Bxh1 Bxc3 17. Bxc3 Nh7 18. f4 exf3 19. Qxf3 Qxg5 20. Bb4 Nhf6 21. Qh3
Nb6 22. Rc1 Rc8 23. Rxc8+ Nxc8 24. Ke2 Kd7 25. Bf3 Ne4 26. Qh2 Ncd6 27. Bxd6
Nxd6 28. Qe5 Qxe5 29. dxe5 Nb5 30. Kd3 Kc6 31. e4 d4 32. a4 Nc7 33. e6 Nxe6 34.
e5+ Kc7 35. Kc4 a5 36. Bd5 g5 37. Be4 b6 38. Bd5 Kd7 39. Bxe6+ fxe6 40. Kxd4
Kc7 41. Kc4 Kc6 42. b4 axb4 43. Kxb4 Kc7 44. Kc4 0-1

[Event "Olimpiada Dresden 2008 Femenina"]
[Site "Dresden GER"]
[Date "2008.11.16"]
[Round "4.34"]
[White "Smith, Javanna"]
[Black "Perera, Anjana"]
[Result "0-1"]
[WhiteElo "2001"]
[BlackElo "1830"]
[PlyCount "87"]
[EventDate "2008.11.13"]
[EventType "team-tourn"]
[EventRounds "11"]
[EventCountry "GER"]
[Source "lmi"]
[SourceDate "2008.11.13"]
[WhiteTeam "Trinidad y Tobago"]
[BlackTeam "Sri Lanka"]
[WhiteTeamCountry "TRI"]
[BlackTeamCountry "SRI"]

1. d4 Nf6 2. Nf3 g6 3. c4 Bg7 4. Nc3 d6 5. e4 O-O 6. Be2 e5 7. Be3 Nbd7 8. O-O
Re8 9. Qc2 c6 10. Rad1 exd4 11. Nxd4 Qc7 12. Rfe1 a6 13. f3 b5 14. cxb5 cxb5
15. Qd2 Bb7 16. Rc1 Qb8 17. Nb3 b4 18. Na4 d5 19. Bf4 Qa7+ 20. Be3 Qb8 21. Bf4
Ne5 22. Nb6 dxe4 23. Nxa8 exf3 24. Bxf3 Nxf3+ 25. gxf3 Qa7+ 26. Nc5 Rxa8 27.
Qf2 Nd5 28. Be5 Bh6 29. Rcd1 Bc6 30. Ne4 Be3 31. Nf6+ Kf8 32. Nxh7+ Kg8 33.
Nf6+ Kf8 34. Nh7+ Kg8 35. Nf6+ Kf8 36. Rxe3 Nxe3 37. Nh7+ Kg8 38. Nf6+ Kf8 39.
Re1 Nf5 40. Nh7+ Kg8 41. Nf6+ Kf8 42. Nh7+ Kg8 43. Nf6+ Kf8 44. Nh7+ 0-1

[Event "Olimpiada Dresden 2008 Femenina"]
[Site "Dresden GER"]
[Date "2008.11.16"]
[Round "4.35"]
[White "Blackburn, Suzie G"]
[Black "Ptacnikova, Lenka"]
[Result "0-1"]
[WhiteElo "1883"]
[BlackElo "2237"]
[PlyCount "63"]
[EventDate "2008.11.13"]
[EventType "team-tourn"]
[EventRounds "11"]
[EventCountry "GER"]
[Source "lmi"]
[SourceDate "2008.11.13"]
[WhiteTeam "Gales"]
[BlackTeam "Islandia"]
[WhiteTeamCountry "WLS"]
[BlackTeamCountry "ISL"]

1. Nf3 e6 2. c4 Nf6 3. g3 b6 4. Bg2 Bb7 5. O-O Be7 6. d4 O-O 7. d5 exd5 8. Nh4
c6 9. cxd5 Nxd5 10. Nf5 Nc7 11. Nc3 d5 12. e4 Nd7 13. Re1 Bf6 14. Nd6 Ba6 15.
exd5 Bxc3 16. bxc3 cxd5 17. Bf4 Nc5 18. Nf5 Bd3 19. Ne7+ Kh8 20. Nc6 Qc8 21.
Bd6 Re8 22. Ne5 Bg6 23. Nxg6+ fxg6 24. Rxe8+ Nxe8 25. Qxd5 Nxd6 26. Qxa8 Qxa8
27. Bxa8 h6 28. a4 a5 29. Rd1 Nc4 30. Rd4 Nb2 31. Bc6 Kg8 32. Bb5 0-1

[Event "Olimpiada Dresden 2008 Femenina"]
[Site "Dresden GER"]
[Date "2008.11.16"]
[Round "4.35"]
[White "Thorsteinsdottir, Gudlaug"]
[Black "Wilson, Julie"]
[Result "1-0"]
[WhiteElo "2156"]
[BlackElo "1935"]
[PlyCount "81"]
[EventDate "2008.11.13"]
[EventType "team-tourn"]
[EventRounds "11"]
[EventCountry "GER"]
[Source "lmi"]
[SourceDate "2008.11.13"]
[WhiteTeam "Islandia"]
[BlackTeam "Gales"]
[WhiteTeamCountry "ISL"]
[BlackTeamCountry "WLS"]

1. d4 Nf6 2. c4 e6 3. Nf3 b6 4. g3 Bb7 5. Bg2 Be7 6. O-O O-O 7. Nc3 Ne4 8. Qc2
Nxc3 9. Qxc3 c5 10. dxc5 bxc5 11. Bf4 Bf6 12. Qc2 Nc6 13. Bd6 Be7 14. Qd2 Qb6
15. Bxe7 Nxe7 16. Qxd7 Nc6 17. Qd2 Rad8 18. Qc2 f6 19. Rfd1 e5 20. e3 Nb4 21.
Qb3 e4 22. Ne1 Qc7 23. a3 Na6 24. Qc2 Qe7 25. Qe2 Qf7 26. Nc2 Nc7 27. b4 Ne6
28. Rab1 f5 29. Qf1 Qh5 30. bxc5 Nxc5 31. Nd4 Rf6 32. Qe1 Rfd6 33. Qa5 Nb3 34.
Qc3 Nxd4 35. exd4 Ba6 36. Bf1 Rh6 37. h3 Rc8 38. Rdc1 Bxc4 39. Bxc4+ Kh8 40.
Be2 Rxc3 41. Rb8+ 1-0

[Event "Olimpiada Dresden 2008 Femenina"]
[Site "Dresden GER"]
[Date "2008.11.16"]
[Round "4.35"]
[White "Owens, Megan R"]
[Black "Thorsteinsdottir, Hallgerdur"]
[Result "0-1"]
[WhiteElo "1783"]
[BlackElo "1915"]
[PlyCount "63"]
[EventDate "2008.11.13"]
[EventType "team-tourn"]
[EventRounds "11"]
[EventCountry "GER"]
[Source "lmi"]
[SourceDate "2008.11.13"]
[WhiteTeam "Gales"]
[BlackTeam "Islandia"]
[WhiteTeamCountry "WLS"]
[BlackTeamCountry "ISL"]

1. c4 Nf6 2. Nc3 g6 3. d4 Bg7 4. e4 d6 5. f3 O-O 6. Be3 c5 7. Nge2 Nc6 8. d5
Na5 9. Ng3 h5 10. Bd3 Nd7 11. f4 Nb6 12. Qe2 Bg4 13. Qf1 h4 14. h3 Bd7 15. Nge2
Naxc4 16. Bc1 e6 17. dxe6 fxe6 18. Ng1 d5 19. Qe2 Na4 20. Nxa4 Bxa4 21. Nf3
Qa5+ 22. Kf2 Qb6 23. Bxc4 dxc4 24. Qxc4 Bxb2 25. Rb1 Bd4+ 26. Be3 Bxe3+ 27.
Kxe3 Qa6 28. Qxa6 bxa6 29. Rhc1 Rac8 30. Ne5 Kg7 31. Rb7+ Kh6 32. Ng4+ 0-1

[Event "Olimpiada Dresden 2008 Femenina"]
[Site "Dresden GER"]
[Date "2008.11.16"]
[Round "4.36"]
[White "Vargas, Gabriela"]
[Black "Aguilar, Filipina"]
[Result "1-0"]
[WhiteElo "2055"]
[BlackElo "1835"]
[PlyCount "101"]
[EventDate "2008.11.13"]
[EventType "team-tourn"]
[EventRounds "11"]
[EventCountry "GER"]
[Source "lmi"]
[SourceDate "2008.11.13"]
[WhiteTeam "Paraguay"]
[BlackTeam "Malta"]
[WhiteTeamCountry "PAR"]
[BlackTeamCountry "MLT"]

1. d4 Nf6 2. c4 e5 3. dxe5 Ng4 4. e3 d6 5. exd6 Bxd6 6. Be2 Bb4+ 7. Nd2 Qh4 8.
g3 Qg5 9. Nh3 Qf5 10. Bxg4 Qxg4 11. Qxg4 Bxg4 12. Nf4 Bf3 13. O-O Bc6 14. Nd5
Ba5 15. Nb3 Bb6 16. e4 Nd7 17. Bf4 Bxd5 18. exd5 O-O-O 19. Rfe1 Nc5 20. Nxc5
Bxc5 21. Re4 b5 22. b3 f5 23. Re6 bxc4 24. bxc4 Rhe8 25. Rae1 Rxe6 26. Rxe6 Kd7
27. Be5 g6 28. Rf6 Re8 29. Rf7+ Re7 30. Rxe7+ Bxe7 31. Kf1 c6 32. Ke2 cxd5 33.
cxd5 Bc5 34. f3 Bb6 35. Kd3 Bg1 36. h3 Bh2 37. Bd4 Bxg3 38. Bxa7 Bd6 39. a4 g5
40. Be3 h6 41. a5 Kc7 42. Kc4 Kb7 43. Kb5 f4 44. a6+ Ka8 45. Bc5 Bc7 46. Be7
Ka7 47. Kc6 Be5 48. d6 Bxd6 49. Kxd6 Kxa6 50. Ke5 Kb6 51. Ke4 1-0

[Event "Olimpiada Dresden 2008 Femenina"]
[Site "Dresden GER"]
[Date "2008.11.16"]
[Round "4.36"]
[White "Pulpan, Oana"]
[Black "Rojas, Montserrat"]
[Result "1-0"]
[WhiteElo "1682"]
[BlackElo "1689"]
[PlyCount "95"]
[EventDate "2008.11.13"]
[EventType "team-tourn"]
[EventRounds "11"]
[EventCountry "GER"]
[Source "lmi"]
[SourceDate "2008.11.13"]
[WhiteTeam "Malta"]
[BlackTeam "Paraguay"]
[WhiteTeamCountry "MLT"]
[BlackTeamCountry "PAR"]

1. e4 c5 2. Nf3 d6 3. d4 cxd4 4. Nxd4 Nf6 5. Nc3 a6 6. Bc4 e6 7. Bb3 Be7 8. Bg5
O-O 9. Qf3 Nc6 10. O-O-O Bd7 11. Kb1 b5 12. a3 Qc7 13. Qg3 Kh8 14. f4 Rfb8 15.
Rhf1 b4 16. axb4 Rxb4 17. Nxc6 Bxc6 18. e5 Ne4 19. Nxe4 Bxe4 20. Bxe7 Qxe7 21.
exd6 Qd7 22. Qc3 a5 23. Rd4 Rc8 24. Qe3 Qb5 25. Rf2 Rxb3 26. Qxe4 Rxb2+ 27. Kc1
Rb1+ 28. Kd2 Qb2 29. Rc4 Rd8 30. Rd4 Qc1+ 31. Ke2 Qa3 32. Rf3 Qc1 33. Kf2 f5
34. Qe3 Qxc2+ 35. Rd2 Qc4 36. Kg3 Rb5 37. Qa7 Rd5 38. Qe7 Qc8 39. Rxd5 exd5 40.
Re3 h6 41. Qf7 Kh7 42. Qxd5 a4 43. Qd4 Rd7 44. Re7 Rxe7 45. dxe7 a3 46. Qe3 a2
47. e8=Q Qxe8 48. Qxe8 1-0

[Event "Olimpiada Dresden 2008 Femenina"]
[Site "Dresden GER"]
[Date "2008.11.16"]
[Round "4.36"]
[White "Sciortino, Marilyn"]
[Black "Alderete, Jazmin"]
[Result "0-1"]
[WhiteElo "2005"]
[BlackElo "1524"]
[PlyCount "118"]
[EventDate "2008.11.13"]
[EventType "team-tourn"]
[EventRounds "11"]
[EventCountry "GER"]
[Source "lmi"]
[SourceDate "2008.11.13"]
[WhiteTeam "Malta"]
[BlackTeam "Paraguay"]
[WhiteTeamCountry "MLT"]
[BlackTeamCountry "PAR"]

1. e4 c5 2. c3 d5 3. exd5 Qxd5 4. d4 Nc6 5. Nf3 Nf6 6. dxc5 Qxc5 7. Be3 Qa5 8.
Bc4 e6 9. O-O Be7 10. Nbd2 O-O 11. Nb3 Qc7 12. Re1 e5 13. h3 Bf5 14. Bb5 Rad8
15. Qc1 Nd5 16. Rd1 Be4 17. Ne1 a6 18. Be2 Nf4 19. Bxf4 exf4 20. Nd2 Bf5 21.
Ndf3 g5 22. Nc2 h5 23. Ncd4 Bg6 24. Bd3 g4 25. Bxg6 gxf3 26. Bxh5 fxg2 27. Kxg2
Qe5 28. Bf3 Kh8 29. Nxc6 bxc6 30. Rxd8 Rxd8 31. Qe1 Rg8+ 32. Kh2 Qf6 33. Qe4
Qh4 34. Qe5+ Bf6 35. Qh5+ Qxh5 36. Bxh5 Rb8 37. Rb1 Bxc3 38. Bxf7 Bxb2 39. Kg2
c5 40. Kf3 Rb4 41. Bb3 Bd4 42. Rc1 a5 43. Rc2 a4 44. Bc4 a3 45. Kxf4 Bxf2 46.
Kf5 Bd4 47. Bb3 Kg7 48. Ke6 Kh6 49. Kd5 Kh5 50. Rc4 Rxb3 51. axb3 a2 52. Ra4
a1=Q 53. Rxa1 Bxa1 54. Kxc5 Kh4 55. b4 Kxh3 56. b5 Kg4 57. Kd5 Kf5 58. b6 Be5
59. b7 Bb8 0-1

[Event "Olimpiada Dresden 2008 Femenina"]
[Site "Dresden GER"]
[Date "2008.11.16"]
[Round "4.37"]
[White "Mona, Khaled"]
[Black "Al-Jelda, Fatma"]
[Result "1-0"]
[WhiteElo "1967"]
[BlackElo "1857"]
[PlyCount "89"]
[EventDate "2008.11.13"]
[EventType "team-tourn"]
[EventRounds "11"]
[EventCountry "GER"]
[Source "lmi"]
[SourceDate "2008.11.13"]
[WhiteTeam "Egipto"]
[BlackTeam "Siria"]
[WhiteTeamCountry "EGY"]
[BlackTeamCountry "SYR"]

1. d4 d5 2. c4 c6 3. Nf3 Nf6 4. Nc3 dxc4 5. a4 Bf5 6. Ne5 Nbd7 7. Nxc4 Qc7 8.
g3 e5 9. dxe5 Nxe5 10. Bf4 Nfd7 11. Bg2 f6 12. O-O Nc5 13. Ne3 Bg6 14. b4 Ne6
15. Qb3 Bf7 16. Qb1 Nxf4 17. gxf4 Ng6 18. b5 Qxf4 19. Rd1 Bd6 20. Rxd6 Qxd6 21.
bxc6 bxc6 22. Nb5 Qd7 23. Qb4 Ne7 24. Rd1 Bd5 25. Bxd5 cxd5 26. Nxd5 Nxd5 27.
Rxd5 Qe7 28. Qc4 Kf8 29. Qd4 Qxe2 30. Rd7 Qe1+ 31. Kg2 Qe6 32. Nc7 Qc6+ 33. f3
Rb8 34. Qg4 g6 35. Ne6+ Ke8 36. Rxa7 Qd6 37. Ng7+ Kf8 38. Ne6+ Ke8 39. Nc7+ Kf8
40. Ne6+ Ke8 41. Kh3 Rb2 42. Ra8+ Ke7 43. Ra7+ Ke8 44. Ra8+ Ke7 45. Ra7+ 1-0

[Event "Olimpiada Dresden 2008 Femenina"]
[Site "Dresden GER"]
[Date "2008.11.16"]
[Round "4.37"]
[White "Mir Mahmoud, Afamia"]
[Black "Alaa El Din, Yosra"]
[Result "1-0"]
[WhiteElo "2024"]
[BlackElo "1949"]
[PlyCount "115"]
[EventDate "2008.11.13"]
[EventType "team-tourn"]
[EventRounds "11"]
[EventCountry "GER"]
[Source "lmi"]
[SourceDate "2008.11.13"]
[WhiteTeam "Siria"]
[BlackTeam "Egipto"]
[WhiteTeamCountry "SYR"]
[BlackTeamCountry "EGY"]

1. d4 Nf6 2. c4 e6 3. Nf3 Bb4+ 4. Nbd2 b6 5. a3 Bxd2+ 6. Bxd2 h6 7. g3 Bb7 8.
Bg2 Be4 9. O-O O-O 10. b4 Re8 11. Re1 d6 12. Bc3 Nbd7 13. Qd2 Qe7 14. a4 e5 15.
a5 Qe6 16. Rac1 bxa5 17. bxa5 Rab8 18. dxe5 dxe5 19. Qe3 a6 20. Red1 Ba8 21.
Ba1 Ng4 22. Qa3 e4 23. Qc3 Ngf6 24. Nd4 Qg4 25. Nc2 Ne5 26. Rd2 Qg6 27. Ne3 h5
28. h3 Bc6 29. Nd5 Bxd5 30. cxd5 e3 31. Qxe3 Nc4 32. Qc3 Nxd2 33. Qxd2 Rb1 34.
Bf3 Ne4 35. Qc2 Rxc1+ 36. Qxc1 Ng5 37. Kg2 Nxf3 38. exf3 Re7 39. Qc5 Re1 40.
Qd4 Rb1 41. Bc3 Rc1 42. Qe5 Kh7 43. g4 f6 44. Qxc7 h4 45. Qc4 Qb1 46. f4 Rh1
47. g5 Qg1+ 48. Kf3 Rxh3+ 49. Ke2 Qg4+ 50. Kd2 Qf3 51. Qd4 Rh2 52. Qd3+ Qxd3+
53. Kxd3 Kg6 54. gxf6 Rh3+ 55. Kd2 Rxc3 56. Kxc3 Kxf6 57. Kd4 h3 58. Ke4 1-0

[Event "Olimpiada Dresden 2008 Femenina"]
[Site "Dresden GER"]
[Date "2008.11.16"]
[Round "4.38"]
[White "Lang, Heather"]
[Black "Ui Laighleis, Gearoidin"]
[Result "1-0"]
[WhiteElo "2063"]
[BlackElo "1935"]
[PlyCount "73"]
[EventDate "2008.11.13"]
[EventType "team-tourn"]
[EventRounds "11"]
[EventCountry "GER"]
[Source "lmi"]
[SourceDate "2008.11.13"]
[WhiteTeam "Escocia"]
[BlackTeam "Irlanda"]
[WhiteTeamCountry "SCO"]
[BlackTeamCountry "IRL"]

1. e4 e6 2. Nc3 d5 3. d4 Nf6 4. Bg5 Bb4 5. Nge2 dxe4 6. a3 Be7 7. Bxf6 Bxf6 8.
Nxe4 Be7 9. g3 Nd7 10. Bg2 Nf6 11. Qd3 O-O 12. O-O-O Rb8 13. N2c3 b6 14. Nxf6+
Bxf6 15. Be4 h6 16. Qf3 Qe7 17. Rhe1 Rd8 18. Nb5 c5 19. d5 Be5 20. Bh7+ Kxh7
21. Qe4+ Kg8 22. Qxe5 Qg5+ 23. Qxg5 hxg5 24. Nxa7 Bb7 25. dxe6 Rxd1+ 26. Kxd1
Rd8+ 27. Kc1 f6 28. e7 Re8 29. Nb5 Bc6 30. Nd6 b5 31. Kd2 g6 32. Nxe8 Bxe8 33.
Kc3 Kf7 34. a4 bxa4 35. Kc4 Bd7 36. Kxc5 Be6 37. Rxe6 1-0

[Event "Olimpiada Dresden 2008 Femenina"]
[Site "Dresden GER"]
[Date "2008.11.16"]
[Round "4.39"]
[White "Malikgulyewa, Aykamar"]
[Black "Mezioud, Amina"]
[Result "1/2-1/2"]
[WhiteElo "2051"]
[BlackElo "2028"]
[PlyCount "140"]
[EventDate "2008.11.13"]
[EventType "team-tourn"]
[EventRounds "11"]
[EventCountry "GER"]
[Source "lmi"]
[SourceDate "2008.11.13"]
[WhiteTeam "Turkmenistán"]
[BlackTeam "Argelia"]
[WhiteTeamCountry "TKM"]
[BlackTeamCountry "ALG"]

1. d4 Nf6 2. Nf3 d6 3. Bg5 Nbd7 4. Nbd2 e5 5. e3 h6 6. Bh4 g5 7. dxe5 dxe5 8.
Bg3 e4 9. Nd4 Bg7 10. Nb5 Nd5 11. Nxe4 N7b6 12. c4 a6 13. cxd5 axb5 14. Bxb5+
Bd7 15. Qb3 O-O 16. d6 c6 17. Bd3 Be6 18. Qc2 Na4 19. Nc3 Qa5 20. O-O Nxc3 21.
bxc3 Bxc3 22. Rab1 b5 23. f4 b4 24. fxg5 hxg5 25. Qe2 f6 26. Bc4 Bxc4 27. Qxc4+
Qd5 28. Qxd5+ cxd5 29. Rfd1 d4 30. exd4 Rxa2 31. Be1 Ra6 32. Bg3 Rd8 33. Rd3
Ra1 34. Rxa1 Bxa1 35. Kf1 Bc3 36. Ke2 Kf7 37. Kd1 Rc8 38. Be1 Bxe1 39. Kxe1 Ke6
40. Rb3 Rc4 41. d5+ Kxd6 42. Rd3 Rc5 43. Rb3 Rb5 44. Ke2 Kxd5 45. Kd3 Rb6 46.
h3 Kc5 47. g3 Ra6 48. h4 gxh4 49. gxh4 f5 50. Kc2 Rh6 51. Rh3 Rh5 52. Kb3 f4
53. Rh1 f3 54. Rf1 Rf5 55. h5 Kd4 56. h6 Ke3 57. Re1+ Kf2 58. Rh1 Rf8 59. h7
Rh8 60. Rh6 Ke3 61. Re6+ Kd4 62. Rf6 Ke4 63. Rf7 Rb8 64. Re7+ Kd3 65. Rf7 Ke2
66. Re7+ Kf1 67. Rf7 f2 68. Rg7 Rh8 69. Rf7 Ke2 70. Rxf2+ Kxf2 1/2-1/2

[Event "Olimpiada Dresden 2008 Femenina"]
[Site "Dresden GER"]
[Date "2008.11.16"]
[Round "4.39"]
[White "Hamza, Amira"]
[Black "Hallaeva, Bahar"]
[Result "0-1"]
[WhiteElo "1880"]
[BlackElo "2119"]
[PlyCount "96"]
[EventDate "2008.11.13"]
[EventType "team-tourn"]
[EventRounds "11"]
[EventCountry "GER"]
[Source "lmi"]
[SourceDate "2008.11.13"]
[WhiteTeam "Argelia"]
[BlackTeam "Turkmenistán"]
[WhiteTeamCountry "ALG"]
[BlackTeamCountry "TKM"]

1. d4 Nf6 2. c4 e6 3. Nc3 Bb4 4. f3 c5 5. d5 Bxc3+ 6. bxc3 Qa5 7. Bb2 e5 8. e4
d6 9. Qb3 Nbd7 10. Bd3 O-O 11. Ne2 Qc7 12. Qc2 Re8 13. g4 Nf8 14. h4 a6 15. h5
N6d7 16. Ng3 Nb6 17. Bc1 Bd7 18. Qh2 Qd8 19. g5 Nc8 20. g6 Qf6 21. gxf7+ Qxf7
22. Ke2 b5 23. Bd2 Nb6 24. Rag1 bxc4 25. Bc2 Kh8 26. h6 g6 27. Bg5 Ba4 28. Bb1
Nbd7 29. Qh4 Rab8 30. Ke3 Rb2 31. Ne2 Reb8 32. f4 exf4+ 33. Nxf4 Ne5 34. Bf6+
Kg8 35. Qg5 Ned7 36. Nh5 Nxf6 37. Nxf6+ Kh8 38. Rf1 Qc7 39. Qf4 Qe7 40. Rhg1
Bc2 41. Bxc2 Rxc2 42. Rb1 Qc7 43. Rxb8 Qxb8 44. Ne8 Rxc3+ 45. Kd2 Qb2+ 46. Kd1
Rd3+ 47. Ke1 Qc3+ 48. Kf2 Qc2+ 0-1

[Event "Olimpiada Dresden 2008 Femenina"]
[Site "Dresden GER"]
[Date "2008.11.16"]
[Round "4.39"]
[White "Isaeva, Aknyr"]
[Black "Latreche, Sabrina"]
[Result "1-0"]
[WhiteElo "2063"]
[BlackElo "2015"]
[PlyCount "103"]
[EventDate "2008.11.13"]
[EventType "team-tourn"]
[EventRounds "11"]
[EventCountry "GER"]
[Source "lmi"]
[SourceDate "2008.11.13"]
[WhiteTeam "Turkmenistán"]
[BlackTeam "Argelia"]
[WhiteTeamCountry "TKM"]
[BlackTeamCountry "ALG"]

1. d4 d5 2. c4 e6 3. Nc3 Nf6 4. Bg5 Be7 5. e3 O-O 6. Nf3 Nbd7 7. a3 Re8 8. Rc1
a6 9. cxd5 exd5 10. Bd3 c6 11. O-O Ne4 12. Bf4 Nxc3 13. Rxc3 Nf8 14. Qc2 Bd6
15. Bxd6 Qxd6 16. b4 f6 17. h3 Be6 18. Rb1 Rec8 19. a4 b6 20. Rc1 Qxb4 21. Rb1
Qa5 22. Rxc6 Bd7 23. Rxc8 Rxc8 24. Qb3 Rc3 25. Qd1 Bxa4 26. Qd2 b5 27. Qa2 Qd8
28. Be4 Kh8 29. Qxd5 Qxd5 30. Bxd5 Nd7 31. Nd2 Nb6 32. Be6 Rc7 33. Ne4 Re7 34.
Nc5 Bc2 35. Rc1 Bg6 36. d5 Nc4 37. Nxa6 h6 38. Nb4 Be8 39. Ra1 Kh7 40. Bf5+ Bg6
41. Be6 Bf7 42. Bxf7 Rxf7 43. Ra8 Rb7 44. Kf1 Rb6 45. Ke2 Kg6 46. Ra7 Ne5 47.
e4 Nc4 48. Kd3 Rb8 49. Kd4 Re8 50. f3 Rc8 51. Nc6 Nb2 52. Ne7+ 1-0

[Event "Olimpiada Dresden 2008 Femenina"]
[Site "Dresden GER"]
[Date "2008.11.16"]
[Round "4.39"]
[White "Latreche, Khadidja"]
[Black "Gozel, Atabayeva"]
[Result "1/2-1/2"]
[WhiteElo "1819"]
[BlackElo "2020"]
[PlyCount "122"]
[EventDate "2008.11.13"]
[EventType "team-tourn"]
[EventRounds "11"]
[EventCountry "GER"]
[Source "lmi"]
[SourceDate "2008.11.13"]
[WhiteTeam "Argelia"]
[BlackTeam "Turkmenistán"]
[WhiteTeamCountry "ALG"]
[BlackTeamCountry "TKM"]

1. Nf3 Nf6 2. c4 g6 3. Nc3 Bg7 4. e4 d6 5. d4 O-O 6. Be2 c5 7. O-O Nc6 8. d5
Na5 9. Bf4 Nh5 10. Bg5 h6 11. Be3 e5 12. dxe6 Bxe6 13. Qc1 Kh7 14. Rd1 Qe7 15.
Nd5 Bxd5 16. exd5 Nf6 17. h3 b6 18. Qc2 Rab8 19. Bd3 a6 20. Re1 Qd8 21. Rab1
Nd7 22. Bf4 Qf6 23. Bd2 Rbe8 24. Rxe8 Rxe8 25. Qa4 Qd8 26. a3 Nb8 27. Qc2 Nb7
28. h4 Nd7 29. h5 Nf8 30. Qa4 a5 31. Qc6 Re7 32. b4 axb4 33. axb4 Kg8 34. hxg6
fxg6 35. bxc5 Nxc5 36. Bc2 g5 37. Bf5 Rf7 38. g4 Rxf5 39. gxf5 g4 40. Rxb6 gxf3
41. Qxd6 Qh4 42. Qg3 Qxg3+ 43. fxg3 Bd4+ 44. Kh2 Ne4 45. Ba5 f2 46. Rb1 Nd7 47.
Kg2 Ne5 48. Rd1 Nxc4 49. Kf3 Ne3 50. Rb1 Ng5+ 51. Ke2 Nxd5 52. Be1 fxe1=Q+ 53.
Rxe1 Kf7 54. Kd3 Bf2 55. Rh1 Kg7 56. g4 Ne3 57. f6+ Kg6 58. f7 Nxf7 59. Ke2
Nxg4 60. Kf3 Nfe5+ 61. Ke4 Kg5 1/2-1/2